| 000 | 00731 a2200217 4500 | ||
|---|---|---|---|
| 001 | 63187 | ||
| 005 | 20260407155927.0 | ||
| 008 | 260407a1998 arg spa d | ||
| 003 | AR-UNSa-BCEJYS | ||
| 040 |
_aAR-UNSa-BCEJYS _bspa _cAR-UNSa-BCEJYS |
||
| 080 |
_a339.564 _xExportación |
||
| 245 | 1 | 0 |
_aLas exportaciones argentinas y el nuevo agro _pPosibilidades de exportación al Mercosur ampliado de productos vegetales con procesamiento simple |
| 020 | _a978-950-665-079-7 | ||
| 264 | 1 |
_aRío Cuarto : _bUniversidad Nacional de Río Cuarto _c1998 |
|
| 300 |
_a409 p. _c22 cm. |
||
| 041 | _aspa | ||
| 942 | _cBK | ||
| 590 | _aniveau_biblio:m niveau_hierar:0 | ||
| 100 | 1 | _aBenegas Prado, Héctor R. | |
| 700 | 1 | _aMariani, Juan P. | |
| 999 |
_c8028 _d8028 |
||